000 00626nam a22002177a 4500
003 UA-OsUOA
001 129904
007 ta
008 20180330b un ||||| |||| 00| 0 ukr d
090 _a82.09(477)
_bП78
942 _cBK
040 _aUA-OsUOA
_bukr
_cUA-OsUOA
_dUA-OsUOA
245 _aПро Шевченка
_bлітературно-критична збірка
_cупор. С. Шаховський
300 _a219 с.
955 _a1
041 _aukr
080 _a82.09(477)
260 _aК.
_bВДЛ
_c1939
650 7 _a82 Література. Літературознавство
_2UDC
999 _c417801
_d417801